Southville International School and Colleges
Your cart is empty.
  • Cart
  • Lists
    Public lists Eva Luna New books Lux_list list_1
    Your lists Log in to create your own lists
  • Log in to your account
  • Your cookies
  • Search history
Southville International School and Colleges
  • Advanced search
  • Recent comments
  • Most popular
  • Libraries

Log in to your account

Log in with GOOGLE


If you do not have an external account, but do have a local account, you can still log in:

  1. Home
  2. MARC view: Dial-a-ghost /
Normal view MARC view ISBD view

Dial-a-ghost / (Record no. 8194)

[ view plain ]
MARC details
000 -LEADER
fixed length control field 01155cam a2200337 a 4500
001 - CONTROL NUMBER
control field 12218906
003 - CONTROL NUMBER IDENTIFIER
control field OSt
005 - DATE AND TIME OF LATEST TRANSACTION
control field 20140310182014.0
008 - FIXED-LENGTH DATA ELEMENTS--GENERAL INFORMATION
fixed length control field 001031r20011996nyua c 000 1 eng
010 ## - LIBRARY OF CONGRESS CONTROL NUMBER
LC control number 00052287
020 ## - INTERNATIONAL STANDARD BOOK NUMBER
International Standard Book Number 043944165X
040 ## - CATALOGING SOURCE
Original cataloging agency DLC
Transcribing agency DLC
Modifying agency DLC
042 ## - AUTHENTICATION CODE
Authentication code lcac
050 00 - LIBRARY OF CONGRESS CALL NUMBER
Classification number PZ 7
Item number .Ib12 2002
082 00 - DEWEY DECIMAL CLASSIFICATION NUMBER
Classification number KF
Item number Ib2d 2002
100 1# - MAIN ENTRY--PERSONAL NAME
Personal name Ibbotson, Eva.
9 (RLIN) 6289
245 10 - TITLE STATEMENT
Title Dial-a-ghost /
Statement of responsibility, etc Eva Ibbotson ; illustrated by Kevin Hawkes.
250 ## - EDITION STATEMENT
Edition statement 1st American ed.
260 ## - PUBLICATION, DISTRIBUTION, ETC. (IMPRINT)
Place of publication, distribution, etc New York :
Name of publisher, distributor, etc Dutton Children's Books,
Date of publication, distribution, etc c2001.
300 ## - PHYSICAL DESCRIPTION
Extent 195 p. :
Other physical details ill. ;
Dimensions 22 cm.
520 ## - SUMMARY, ETC.
Summary, etc A family of nice ghosts protects a British orphan from the diabolical plans of his evil guardians.
541 ## - IMMEDIATE SOURCE OF ACQUISITION NOTE
-- 1
562 ## - COPY AND VERSION IDENTIFICATION NOTE
Number of copies 1
650 #1 - SUBJECT ADDED ENTRY--TOPICAL TERM
Topical term or geographic name as entry element Ghosts
Form subdivision Fiction.
9 (RLIN) 6290
650 #1 - SUBJECT ADDED ENTRY--TOPICAL TERM
Topical term or geographic name as entry element Orphans
Form subdivision Fiction.
9 (RLIN) 6291
651 #1 - SUBJECT ADDED ENTRY--GEOGRAPHIC NAME
Geographic name England
Form subdivision Fiction.
9 (RLIN) 6292
700 1# - ADDED ENTRY--PERSONAL NAME
Personal name Hawkes, Kevin,
Relator term ill.
9 (RLIN) 6293
906 ## - LOCAL DATA ELEMENT F, LDF (RLIN)
a 7
b cbc
c orignew
d 1
e ocip
f 20
g y-gencatlg
942 ## - ADDED ENTRY ELEMENTS (KOHA)
Source of classification or shelving scheme Library of Congress Classification
Koha item type
Call number prefix
Holdings
Withdrawn status Lost status Source of classification or shelving scheme Damaged status Home library Current library Shelving location Date acquired Total Checkouts Full call number Barcode Date last seen Date checked out Copy number Price effective from Koha item type
    Library of Congress Classification   Luxembourg Library Luxembourg Library Kids Fiction Section 07/30/2013 4 PZ 7 .Ib12 2002 14091 08/20/2018 08/17/2018 1 07/30/2013 Books

Dial-a-ghost /

APA

Ibbotson E., Hawkes K., . (2001). Dial-a-ghost. New York: Dutton Children's Books.

Chicago

Ibbotson Eva, Hawkes Kevin, . 2001. Dial-a-ghost. New York: Dutton Children's Books.

Harvard

Ibbotson E., Hawkes K., . (2001). Dial-a-ghost. New York: Dutton Children's Books.

MLA

Ibbotson Eva, Hawkes Kevin, . Dial-a-ghost. New York: Dutton Children's Books. 2001.

  • Place hold
  • Print
  • Cite
  • Add to your cart (remove)
  • Save record
    BIBTEX Dublin Core MARCXML MARC (non-Unicode/MARC-8) MARC (Unicode/UTF-8) MARC (Unicode/UTF-8, Standard) MODS (XML) RIS
  • More searches
    Search for this title in:
    Other Libraries (WorldCat) Other Databases (Google Scholar) Online Stores (Bookfinder.com) Open Library (openlibrary.org)

Exporting to Dublin Core...

SOUTHVILLE LIBRARY

Southville International School and Colleges Library

1281 Tropical Ave. Cor. Luxembourg St., BF Homes International, Las Pinas City

Tel. No. 8256374 / 252358 Loc. 117/146

Powered by Koha